000 00809nam a22002417a 4500
003 OSt
005 20251118124708.0
008 251118b |||||||| |||| 00| 0 eng d
020 _a9716856828
040 _aDWC-Main Lib.
_cOC
082 _aFil. 371.102 L933f 2011
100 _aLucas, Maria Rita D.
245 _aFacilitating learning :
_ba metacognitive process/
_cMaria Rita D. Lucas
260 _aQuezon City, Phils. :
_bLorimar Publishing,
_cc2011.
300 _aix, 220 pages :
_billustrations ;
_c25 cm.
504 _aIncludes references.
650 _a1. Teaching.
650 _a2. Effective teaching.
650 _a3. Learning.
650 _a4. Educational innovations. I. Corpuz, Brenda B. II. Title.
760 _b2nd Edition
942 _2ddc
_cBK - FIL
_e2nd Edition
_hFil.
_n0
999 _c5788
_d5788